| 000 | 02238nam a2200409 c 4500 | ||
|---|---|---|---|
| 003 | BLK | ||
| 005 | 20240429094633.0 | ||
| 008 | 180411b bul|||||r ||||||| ||bul|| | ||
| 010 | _aKNG00191597000 | ||
| 040 | _aBLK | ||
| 041 |
_aBUL _cBUL |
||
| 080 |
_aЧешка литература _b821.162.3 _x-32 _z821.162.3-32 |
||
| 700 | 1 |
_aЗахариева, Невена _eсъстав. _gДимитрова, Невена Захариева _9372671 |
|
| 700 | 1 |
_aКючуков, Любомир _eпрев. от чеш. _9381793 |
|
| 700 | 1 |
_aКюркчиева, Маргарита _e* _9371698 |
|
| 700 | 1 |
_aБераха, Матилда _e* _9382454 |
|
| 700 | 1 |
_aВакарелска-Немова, Донка _e* _9342995 |
|
| 700 | 1 |
_aАрабаджиев, Драгомир _e* _9342984 |
|
| 700 |
_aПавлов, Иван Александров _d1944-2005 _gФилолог. Литературовед. Преводач от чешки език. _9364944 |
||
| 700 | 1 |
_aКроужилова, Людмила _e* _984375 |
|
| 700 | 1 |
_aКоларски, Петър _e* _9342996 |
|
| 700 | 1 |
_aБъчваров, Янко _eс предг. от _9367940 |
|
| 139 |
_a[Десет] 10 съвременни чешки разказвачи _bД 45 |
||
| 245 | 1 | 0 |
_a[Десет] 10 съвременни чешки разказвачи _bСб. разкази _cсъстав. Невена Захариева; прев. от чеш. Любомир Кючуков; * Маргарита Кюркчиева; * Матилда Бераха; * Донка Вакарелска-Немова; * Драгомир Арабаджиев; * Иван Александров Павлов; * Людмила Кроужилова; * Петър Коларски; с предг. от Янко Бъчваров. |
| 257 | _aCHE | ||
| 260 |
_аСофия _bНар. култура _c1977 |
||
| 300 |
_a256 c. _c17 см |
||
| 380 | _aX | ||
| 490 | 1 |
_aБиблиотека Панорама _v61 |
|
| 490 | 1 |
_3Подсерия _aСерия Проза _v49 |
|
| 852 | _aЦб I 15547 | ||
| 856 | 4 |
_qpdf _u |
|
| 856 | 4 |
_qpdf _u |
|
| 942 |
_cKNG _n0 |
||
| 944 |
_aCR _c05.10.2016 _k30560 _lГеновева Генчева |
||
| 944 |
_aED _c05.10.2016 _kТеодора_Стоянова |
||
| 999 |
_c182672 _d182672 |
||